| 000 | 00544nam a2200217Ia 4500 | ||
|---|---|---|---|
| 003 | OSt | ||
| 005 | 20250610115057.0 | ||
| 008 | 210210b2017 xxu||||| |||| 00| 0 eng d | ||
| 020 | _a9789352623914 | ||
| 040 | _cAL | ||
| 041 | _aeng | ||
| 082 | _a332.64 AVAI | ||
| 100 |
_aAVADHANI (V A) _978798 |
||
| 245 | _aInvestment and securities markets in India | ||
| 250 | _a10 Rev | ||
| 260 |
_aMumbai _bHimalaya Publishing House _c2017 |
||
| 300 | _axii,547 | ||
| 690 |
_aInvestment Management _978799 |
||
| 906 | _a072495 | ||
| 942 |
_2ddc _cREF |
||
| 999 |
_c122333 _d122333 |
||